[Event "Titled Tuesday intern op 03rd May Late"]
[Site "Chess.com INT"]
[Date "2022.05.03"]
[Round "3"]
[White "Hnydiuk, Aleksander"]
[Black "Stevens, Christian"]
[Result "0-1"]
[WhiteElo "2394"]
[BlackElo "2260"]
[PlyCount "108"]
[EventDate "2022.05.03"]
[EventType "swiss (blitz)"]
[EventRounds "11"]
[EventCountry "USA"]
[SourceTitle "CBM 208 Extra"]
[Source "ChessBase"]
[SourceDate "2022.07.31"]
[SourceVersion "1"]
[SourceVersionDate "2022.07.31"]
[SourceQuality "1"]

1. c4 c5 2. g3 g6 3. Bg2 Bg7 4. Nc3 Nc6 5. b3 Nf6 6. Ba3 d6 7. e3 0-0 8. Nge2 Bd7 9. 0-0 Qc8 10. d4 cxd4 11. exd4 Bh3 12. Bxh3 Qxh3 13. Nf4 Qf5 14. Ncd5 Nxd5 15. Nxd5 Qd7 16. Bb2 e6 17. Ne3 d5 18. cxd5 exd5 19. Qf3 Nxd4 20. Bxd4 Bxd4 21. Nxd5 Bxa1 22. Rxa1 Qd6 23. Rd1 Kg7 24. Qc3+ f6 25. Ne3 Qc6 26. Qa5 b6 27. Qa3 Rf7 28. Nc4 Qc5 29. Qb2 Re7 30. Rd6 Rf8 31. Qd2 b5 32. Ne3 Rff7 33. Ng4 g5 34. h4 h6 35. hxg5 hxg5 36. Rd8 Qf5 37. Qd1 Rd7 38. Rxd7 Rxd7 39. Qe2 Qb1+ 40. Kg2 Qd1 41. Qe6 Qd5+ 42. Qxd5 Rxd5 43. Kf3 Rd2 44. a4 Rd3+ 45. Ke4 Rxb3 46. axb5 Rxb5 47. Ne3 a5 48. Nf5+ Kf8 49. Nd6 Rb1 50. Nc4 a4 51. Kf5 Rb3 52. Kxf6 a3 53. Nxa3 Rxa3 54. Kxg5 Rf3 0-1

[Event "Titled Tuesday intern op 03rd May Early"]
[Site "Chess.com INT"]
[Date "2022.05.03"]
[Round "5"]
[White "Kozak, Antoni"]
[Black "Stevens, Christian"]
[Result "1/2-1/2"]
[WhiteElo "2459"]
[BlackElo "2260"]
[PlyCount "127"]
[EventDate "2022.05.03"]
[EventType "swiss (blitz)"]
[EventRounds "11"]
[EventCountry "USA"]
[SourceTitle "CBM 208 Extra"]
[Source "ChessBase"]
[SourceDate "2022.07.31"]
[SourceVersion "1"]
[SourceVersionDate "2022.07.31"]
[SourceQuality "1"]

1. e4 c5 2. c3 Nf6 3. e5 Nd5 4. Nf3 Nc6 5. Bc4 e6 6. 0-0 d6 7. d4 cxd4 8. cxd4 Be7 9. Qe2 0-0 10. Nc3 Nxc3 11. bxc3 dxe5 12. dxe5 Qc7 13. Bd3 Bd7 14. Qe4 g6 15. Be3 Rfd8 16. h4 Be8 17. Bg5 Bxg5 18. hxg5 Rd5 19. Rfe1 Rad8 20. Bf1 Ne7 21. c4 Rc5 22. Nd4 Nc6 23. Nb5 Qxe5 24. Qxe5 Nxe5 25. Rad1 Rxd1 26. Rxd1 Nxc4 27. Bxc4 Bxb5 28. Rd8+ Kg7 29. Bb3 Rxg5 30. f3 Rc5 31. Kf2 Bc6 32. Rc8 a5 33. Rc7 Rc3 34. Bxe6 Rc2+ 35. Kg3 Kf6 36. Bxf7 h5 37. Bb3 Rc3 38. Rf7+ Kg5 39. Rc7 h4+ 40. Kf2 b5 41. Bd5 Rc2+ 42. Ke3 Rc3+ 43. Kd2 Bxd5 44. Rxc3 Bxa2 45. Rc5+ Kf4 46. Rxb5 Bc4 47. Rxa5 Bf1 48. Ke1 Bxg2 49. Kf2 Bxf3 50. Ra4+ Be4 51. Ra6 g5 52. Rf6+ Bf5 53. Ra6 g4 54. Ra4+ Be4 55. Kg1 g3 56. Ra2 h3 57. Rd2 Ke3 58. Ra2 Bd3 59. Rb2 Kf3 60. Rb3 Ke3 61. Rb2 Kd4 62. Ra2 h2+ 63. Rxh2 gxh2+ 64. Kxh2 1/2-1/2

[Event "Titled Tuesday intern op 03rd May Late"]
[Site "Chess.com INT"]
[Date "2022.05.03"]
[Round "6"]
[White "Shimanov, Aleksandr"]
[Black "Stevens, Christian"]
[Result "1-0"]
[WhiteElo "2581"]
[BlackElo "2260"]
[PlyCount "53"]
[EventDate "2022.05.03"]
[EventType "swiss (blitz)"]
[EventRounds "11"]
[EventCountry "USA"]
[SourceTitle "CBM 208 Extra"]
[Source "ChessBase"]
[SourceDate "2022.07.31"]
[SourceVersion "1"]
[SourceVersionDate "2022.07.31"]
[SourceQuality "1"]

1. e4 c5 2. Nf3 e6 3. d4 cxd4 4. Nxd4 a6 5. Nc3 Qc7 6. Qf3 Nf6 7. Bg5 Be7 8. 0-0-0 Nc6 9. Nxc6 bxc6 10. Bf4 e5 11. Bg5 Rb8 12. Bxf6 Bxf6 13. Bc4 0-0 14. h4 Qb6 15. Bb3 a5 16. g4 Be7 17. g5 a4 18. Nxa4 Qa5 19. g6 hxg6 20. h5 Bg5+ 21. Kb1 d5 22. hxg6 fxg6 23. Qg2 Bf6 24. exd5 Rxb3 25. axb3 Bf5 26. dxc6 e4 27. Qh2 1-0

[Event "Titled Tuesday intern op 03rd May Late"]
[Site "Chess.com INT"]
[Date "2022.05.03"]
[Round "5"]
[White "Stevens, Christian"]
[Black "Demchenko, Anton"]
[Result "1-0"]
[WhiteElo "2260"]
[BlackElo "2654"]
[PlyCount "87"]
[EventDate "2022.05.03"]
[EventType "swiss (blitz)"]
[EventRounds "11"]
[EventCountry "USA"]
[SourceTitle "CBM 208 Extra"]
[Source "ChessBase"]
[SourceDate "2022.07.31"]
[SourceVersion "1"]
[SourceVersionDate "2022.07.31"]
[SourceQuality "1"]

1. Nf3 Nf6 2. c4 e6 3. Nc3 d5 4. cxd5 exd5 5. d4 c6 6. Bg5 Bf5 7. Qb3 Qb6 8. Bxf6 gxf6 9. e3 Na6 10. Nh4 Be6 11. Be2 Qxb3 12. axb3 Nb4 13. Kd2 a6 14. Rhc1 0-0-0 15. Na4 a5 16. g3 Kc7 17. Nc5 b6 18. Nd3 Kb7 19. Ng2 Bd6 20. Ngf4 Bf5 21. Nxb4 axb4 22. Ba6+ Kc7 23. Nxd5+ Kd7 24. Nxb6+ Ke7 25. Rxc6 Be4 26. Rcc1 h5 27. Bd3 Bf3 28. Ra7+ Kf8 29. Bc4 Rh7 30. Rca1 h4 31. Bd5 Bg4 32. Ra8 Rxa8 33. Rxa8+ Kg7 34. Nc4 hxg3 35. hxg3 Be7 36. e4 Rh1 37. Ke3 Re1+ 38. Kf4 Bd1 39. Ra7 Kf8 40. Ra8+ Kg7 41. Ra7 Kf8 42. Ne3 Be2 43. Nf5 Rf1 44. Ra8+ 1-0

[Event "Titled Tuesday intern op 03rd May Early"]
[Site "Chess.com INT"]
[Date "2022.05.03"]
[Round "4"]
[White "Stevens, Christian"]
[Black "Gatterer, Florian"]
[Result "1-0"]
[WhiteElo "2260"]
[BlackElo "2167"]
[PlyCount "113"]
[EventDate "2022.05.03"]
[EventType "swiss (blitz)"]
[EventRounds "11"]
[EventCountry "USA"]
[SourceTitle "CBM 208 Extra"]
[Source "ChessBase"]
[SourceDate "2022.07.31"]
[SourceVersion "1"]
[SourceVersionDate "2022.07.31"]
[SourceQuality "1"]

1. e4 c5 2. Nf3 d6 3. d4 cxd4 4. Nxd4 Nf6 5. f3 e5 6. Nb3 a5 7. a4 Nc6 8. c4 Be7 9. Be3 0-0 10. Nc3 Be6 11. Be2 Nh5 12. 0-0 Nf4 13. Nd5 Bxd5 14. cxd5 Nb4 15. Qd2 Bg5 16. Rac1 h6 17. Kh1 Ng6 18. Bxg5 hxg5 19. Bb5 f6 20. Rc4 Rf7 21. Nxa5 Qxa5 22. Qxb4 Qxb4 23. Rxb4 Rc7 24. Bc4 Rac8 25. b3 Ra8 26. Rb6 Rd8 27. g3 Kf8 28. Ra1 Ke7 29. a5 Ra8 30. a6 bxa6 31. Rbxa6 Rxa6 32. Rxa6 Nf8 33. Kg2 Nd7 34. Rc6 Rb7 35. Kh3 Nc5 36. Kg4 g6 37. Rc8 Nxb3 38. Bxb3 Rxb3 39. Rc7+ Kf8 40. Rd7 Rb6 41. h4 gxh4 42. gxh4 Ke8 43. Rg7 Rb1 44. Rxg6 Kf7 45. Kf5 Rh1 46. Rxf6+ Ke7 47. Rh6 Rh3 48. Rh7+ Kd8 49. Ke6 Rxf3 50. Kxd6 Ke8 51. Kxe5 Kf8 52. d6 Rf2 53. Ra7 Rf1 54. Ra8+ Kf7 55. d7 Rd1 56. d8Q Rd5+ 57. Qxd5+ 1-0

[Event "Titled Tuesday intern op 03rd May Early"]
[Site "Chess.com INT"]
[Date "2022.05.03"]
[Round "1"]
[White "Stevens, Christian"]
[Black "Jumabayev, Rinat"]
[Result "0-1"]
[WhiteElo "2260"]
[BlackElo "2628"]
[PlyCount "84"]
[EventDate "2022.05.03"]
[EventType "swiss (blitz)"]
[EventRounds "11"]
[EventCountry "USA"]
[SourceTitle "CBM 208 Extra"]
[Source "ChessBase"]
[SourceDate "2022.07.31"]
[SourceVersion "1"]
[SourceVersionDate "2022.07.31"]
[SourceQuality "1"]

1. e4 c5 2. Nf3 d6 3. d4 cxd4 4. Nxd4 Nf6 5. f3 e5 6. Nb3 Be6 7. c4 a5 8. Be3 a4 9. N3d2 Be7 10. Be2 0-0 11. 0-0 Qa5 12. Na3 Bd8 13. Ndb1 Bb6 14. Bf2 Bxf2+ 15. Rxf2 Rd8 16. Nc3 Nc6 17. Bf1 Nd7 18. Qd2 Nc5 19. Kh1 Qb6 20. Qe3 Na5 21. Rc1 Qb4 22. Nd5 Bxd5 23. cxd5 Rf8 24. Rfc2 Rad8 25. Qd2 Qxd2 26. Rxd2 f5 27. exf5 Rxf5 28. Bb5 Rf4 29. Kg1 Kf7 30. Nc4 Nxc4 31. Rxc4 Rxc4 32. Bxc4 Ra8 33. Rc2 Ra5 34. Kf2 Kf6 35. Ke3 b5 36. Be2 b4 37. Rc4 Rb5 38. Rh4 Rb8 39. Rxh7 a3 40. b3 Nxb3 41. Bd3 Nc5 42. Bc2 b3 0-1

[Event "Titled Tuesday intern op 03rd May Early"]
[Site "Chess.com INT"]
[Date "2022.05.03"]
[Round "10"]
[White "Stevens, Christian"]
[Black "Namitbir, Singh Walia"]
[Result "1-0"]
[WhiteElo "2260"]
[BlackElo "2293"]
[PlyCount "83"]
[EventDate "2022.05.03"]
[EventType "swiss (blitz)"]
[EventRounds "11"]
[EventCountry "USA"]
[SourceTitle "CBM 208 Extra"]
[Source "ChessBase"]
[SourceDate "2022.07.31"]
[SourceVersion "1"]
[SourceVersionDate "2022.07.31"]
[SourceQuality "1"]

1. d4 Nf6 2. c4 e6 3. Nc3 Bb4 4. e3 c5 5. Nf3 b6 6. Bd3 Bb7 7. 0-0 Bxc3 8. bxc3 d6 9. Nd2 Nbd7 10. e4 0-0 11. f4 Rc8 12. Rf3 Ne8 13. Rh3 f5 14. exf5 exf5 15. d5 g6 16. Nf3 Ndf6 17. Ng5 Ng7 18. Qe1 Nfh5 19. Qf2 Qf6 20. Bd2 Rce8 21. a4 h6 22. Nf3 Re7 23. Kh1 Rfe8 24. Rg1 Bc8 25. Nh4 Bd7 26. Ra1 a5 27. Nf3 Kf7 28. Rh4 Kg8 29. h3 Qf7 30. g4 fxg4 31. hxg4 Nxf4 32. Bc2 Re2 33. Qg3 g5 34. Rxh6 Rg2 35. Nxg5 Rxg3 36. Nxf7 Rxg4 37. Nxd6 Re2 38. Bh7+ Kf8 39. Rf6+ Ke7 40. Rxf4 Rg5 41. Re4+ Rxe4 42. Bxg5+ 1-0

[Event "Titled Tuesday intern op 26th Apr Late"]
[Site "Chess.com INT"]
[Date "2022.04.26"]
[Round "5"]
[White "Kamsky, Gata"]
[Black "Stevens, Christian"]
[Result "0-1"]
[WhiteElo "2661"]
[BlackElo "2260"]
[PlyCount "114"]
[EventDate "2022.04.26"]
[EventType "swiss (blitz)"]
[EventRounds "11"]
[EventCountry "USA"]
[SourceTitle "CBM 208 Extra"]
[Source "ChessBase"]
[SourceDate "2022.07.31"]
[SourceVersion "1"]
[SourceVersionDate "2022.07.31"]
[SourceQuality "1"]

1. d4 Nf6 2. Nf3 d5 3. c4 dxc4 4. e3 a6 5. Bxc4 e6 6. 0-0 c5 7. dxc5 Qxd1 8. Rxd1 Bxc5 9. Nc3 b5 10. Be2 Bb7 11. Nd2 Nc6 12. Nb3 Be7 13. f3 0-0 14. e4 Rfd8 15. Be3 Nd7 16. Rd2 Nde5 17. Rad1 Rxd2 18. Rxd2 Rd8 19. Rxd8+ Nxd8 20. Nc5 Bc8 21. a4 Nc4 22. Bxc4 bxc4 23. e5 Nc6 24. f4 Nb4 25. N3e4 Bxc5 26. Nxc5 Nd3 27. Nxd3 cxd3 28. Kf2 Bb7 29. g3 Bc6 30. b3 Bd5 31. b4 Bc6 32. b5 axb5 33. a5 Bb7 34. Bd2 b4 35. Bxb4 f6 36. Ke3 fxe5 37. fxe5 Ba6 38. Kd4 Kf7 39. g4 Kg6 40. Bd2 h5 41. h3 hxg4 42. hxg4 Kf7 43. Kc5 Ke7 44. Kb6 Bc4 45. a6 Kd7 46. Kb7 Bd5+ 47. Kb8 Kc6 48. a7 Kc5 49. a8Q Bxa8 50. Kxa8 Kd4 51. Kb7 Kxe5 52. Kc6 Kd4 53. Kb5 e5 54. Kb4 e4 55. Kb3 e3 56. Bc3+ Ke4 57. Kb2 Kf3 0-1